Statistics for Top 10 longest rivers in the world

Click here to take the quiz!

General Stats

  • This quiz has been taken 125 times
  • The average score is 6 of 10

Answer Stats

Length River % Correct
4,180 mi.Nile
100%
3,912 mi.Amazon
97%
3,710 mi.Mississippi-Missouri
92%
2,900 mi.Huang Ho
77%
3,602 mi.Chang Jiang
71%
2,716 mi.Zaire
66%
3,459 mi.Ob
36%
2,800 mi.Yenisei
18%
2,795 mi.Parana
18%
2,758 mi.Irtish
2%

Score Distribution

Percentile by Number Answered

Percent of People with Each Score

Your Score History

You have not taken this quiz